[Event "FRA-ch U12"]
[Site "Saint Paul Trois Chateaux"]
[Date "2013.04.30"]
[Round "3"]
[White "Viel, Simon"]
[Black "Bertrand, Alexandre"]
[Result "0-1"]
[WhiteElo "1604"]
[BlackElo "1805"]
[PlyCount "82"]
[EventDate "2013.04.28"]
[EventType "swiss"]
[EventRounds "9"]
[EventCountry "FRA"]
[SourceTitle "CBM 154 Extra"]
[Source "ChessBase"]
[SourceDate "2013.06.25"]
[SourceVersion "2"]
[SourceVersionDate "2013.06.25"]
[SourceQuality "1"]

1. e4 e5 2. Nf3 Nc6 3. Bc4 Bc5 4. c3 Nf6 5. d4 exd4 6. e5 d5 7. Bb3 Ne4 8. cxd4 Bb4+ 9. Nbd2 Bg4 10. Ba4 0-0 11. Bxc6 bxc6 12. a3 Ba5 13. h3 Bh5 14. Qc2 c5 15. dxc5 Bxf3 16. gxf3 Nxd2 17. Bxd2 Bxd2+ 18. Qxd2 Re8 19. f4 f6 20. Qd4 fxe5 21. fxe5 Qg5 22. f4 Qg3+ 23. Qf2 Qb3 24. h4 Rab8 25. Rh2 Rb5 26. Rg2 c6 27. Rg3 Qxb2 28. Qxb2 Rxb2 29. Rc1 Rh2 30. Rg4 Rh3 31. Kf2 Rxa3 32. Rcg1 Re7 33. h5 Rh3 34. f5 Rxh5 35. f6 Rf5+ 36. Kg3 Rexe5 37. fxg7 Rg5 38. Kh4 Rxg4+ 39. Rxg4 Re4 40. Kh5 Rxg4 41. Kxg4 Kxg7 0-1

[Event "Marseille op 5th"]
[Site "Marseille"]
[Date "2012.12.27"]
[Round "3"]
[White "Bertrand, Alexandre"]
[Black "Utrera, Ludovic"]
[Result "0-1"]
[WhiteElo "1744"]
[BlackElo "1963"]
[PlyCount "118"]
[EventDate "2012.12.26"]
[EventType "swiss"]
[EventRounds "9"]
[EventCountry "FRA"]
[SourceTitle "EXT 2014"]
[Source "ChessBase"]
[SourceDate "2013.11.20"]
[SourceVersion "1"]
[SourceVersionDate "2013.11.20"]
[SourceQuality "1"]

1. e4 c5 2. Nf3 d6 3. d4 cxd4 4. Nxd4 Nf6 5. Nc3 g6 6. Be3 Bg7 7. f3 0-0 8. Qd2 Nc6 9. 0-0-0 Bd7 10. g4 h5 11. gxh5 Nxh5 12. Nce2 Qa5 13. Qxa5 Nxa5 14. Ng3 Nxg3 15. hxg3 Nc6 16. Nxc6 bxc6 17. Bg5 Rfe8 18. Bc4 Rab8 19. c3 Rb7 20. Rd2 Reb8 21. Rh4 Be6 22. Bxe6 fxe6 23. f4 d5 24. e5 c5 25. Bh6 Bxh6 26. Rxh6 Kg7 27. Rh1 Rh8 28. Rxh8 Kxh8 29. Kd1 Kg7 30. Ke2 g5 31. Kf3 Kg6 32. Kg4 gxf4 33. gxf4 Rb8 34. Rh2 Rd8 35. Rh3 Rg8 36. Kf3 Kf7 37. Rh7+ Ke8 38. a3 Kd7 39. Rh1 Rb8 40. b4 cxb4 41. axb4 Rc8 42. Rc1 Kc6 43. c4 Kb6 44. c5+ Kb5 45. Rb1 Kc4 46. Ra1 Rc7 47. Ra6 Kxb4 48. Rxe6 Kxc5 49. f5 a5 50. f6 exf6 51. exf6 Rf7 52. Kf4 d4 53. Ke5 d3 54. Re7 d2 55. Rxf7 d1Q 56. Rc7+ Kb6 57. f7 Qh5+ 58. Kd6 Qg6+ 59. Ke7 Kxc7 0-1

[Event "Marseille op 5th"]
[Site "Marseille"]
[Date "2012.12.26"]
[Round "1"]
[White "Bertrand, Alexandre"]
[Black "Mullon, Jean Baptiste"]
[Result "0-1"]
[WhiteElo "1744"]
[BlackElo "2404"]
[PlyCount "56"]
[EventDate "2012.12.26"]
[EventType "swiss"]
[EventRounds "9"]
[EventCountry "FRA"]
[SourceTitle "EXT 2014"]
[Source "ChessBase"]
[SourceDate "2013.11.20"]
[SourceVersion "1"]
[SourceVersionDate "2013.11.20"]
[SourceQuality "1"]

1. e4 c5 2. Nf3 e6 3. d4 cxd4 4. Nxd4 Nc6 5. Nxc6 bxc6 6. Be3 Nf6 7. Bd3 d5 8. e5 Nd7 9. f4 c5 10. b3 Be7 11. 0-0 g6 12. Nd2 0-0 13. Qg4 a5 14. c4 f5 15. Qe2 d4 16. Bf2 a4 17. g4 Bb7 18. Bg3 Qb6 19. g5 Qc6 20. bxa4 Rxa4 21. Bc2 Ra3 22. Bb3 Bd8 23. Nf3 Ba5 24. Be1 Ra8 25. Bxa5 R8xa5 26. Kg2 Nb6 27. Qd2 Rxb3 28. Qxa5 Rxf3 0-1

[Event "Vitrolles-ch 13th"]
[Site "Vitrolles"]
[Date "2012.10.20"]
[Round "2"]
[White "Urcun, Gael"]
[Black "Bertrand, Alexandre"]
[Result "0-1"]
[WhiteElo "1689"]
[BlackElo "1706"]
[PlyCount "94"]
[EventDate "2012.03.09"]
[EventType "swiss"]
[EventRounds "9"]
[EventCountry "FRA"]
[SourceTitle "EXT 2014"]
[Source "ChessBase"]
[SourceDate "2013.11.20"]
[SourceVersion "1"]
[SourceVersionDate "2013.11.20"]
[SourceQuality "1"]

1. e4 e5 2. Bc4 Nf6 3. d3 c6 4. Nf3 d5 5. Bb3 a5 6. a3 a4 7. Ba2 Bd6 8. 0-0 0-0 9. Bg5 Be6 10. Re1 Nbd7 11. Nc3 Qb6 12. exd5 cxd5 13. Rb1 d4 14. Bxe6 dxc3 15. Bxd7 Nxd7 16. bxc3 Qc7 17. Bc1 Qxc3 18. Bb2 Qc7 19. h3 Rfc8 20. Ng5 Be7 21. Nf3 Qxc2 22. Nxe5 Qxd1 23. Rbxd1 Nxe5 24. Rxe5 Bf6 25. Rb5 Bxb2 26. Rxb2 Rc3 27. d4 Rxa3 28. d5 Rb3 29. Re2 Rc3 30. d6 Rcc8 31. d7 Rd8 32. Rb2 Rab8 33. f3 Kf8 34. Re2 b5 35. Re5 Rb7 36. Rdd5 Rdxd7 37. Rxd7 Rxd7 38. Rxb5 Ra7 39. Kf2 a3 40. Rb1 a2 41. Ra1 Ke7 42. Ke3 Ra4 43. Kd3 Kd6 44. Kc3 Kd5 45. Kd3 Ra3+ 46. Ke2 Kc4 47. Kd2 Kb3 0-1

[Event "Marseille op 4th"]
[Site "Marseille"]
[Date "2011.12.26"]
[Round "1"]
[White "Bertrand, Alexandre"]
[Black "Lambert, Romain"]
[Result "0-1"]
[WhiteElo "1645"]
[BlackElo "2097"]
[PlyCount "110"]
[EventDate "2011.12.26"]
[EventType "swiss"]
[EventRounds "9"]
[EventCountry "FRA"]
[SourceTitle "CBM 146 Extra"]
[Source "ChessBase"]
[SourceDate "2012.02.29"]
[SourceVersion "1"]
[SourceVersionDate "2012.02.29"]
[SourceQuality "1"]

1. d4 d5 2. c4 e6 3. Nc3 Nf6 4. e3 c6 5. Nf3 Nbd7 6. cxd5 exd5 7. Bd3 Bd6 8. 0-0 0-0 9. e4 dxe4 10. Nxe4 Nxe4 11. Bxe4 Nf6 12. Bg5 Be7 13. Bd3 Be6 14. Qe2 Re8 15. Qd2 g6 16. Bh6 Bd5 17. Ne5 Bd6 18. Rfe1 Nh5 19. Bc4 Bxe5 20. Bxd5 Bxh2+ 21. Kxh2 Qxd5 22. Qb4 Nf6 23. Kg1 Qh5 24. Qd2 Qf5 25. Qf4 Qxf4 26. Bxf4 Nd5 27. Bd2 f6 28. Rxe8+ Rxe8 29. Re1 Rxe1+ 30. Bxe1 Kf7 31. g3 Ke6 32. Kg2 Nb6 33. Kf3 Kd5 34. Ke2 f5 35. Kd3 g5 36. Bd2 h6 37. f3 Nc4 38. Bc1 Nd6 39. Bd2 Nf7 40. g4 fxg4 41. fxg4 Nd8 42. Bb4 Ne6 43. Be7 Nxd4 44. Bf8 Ne6 45. Bxh6 c5 46. Ke3 b5 47. Kd3 Ke5 48. Ke3 c4 49. Kf3 Kd4 50. Ke2 Ke4 51. Kd2 b4 52. a3 a5 53. axb4 axb4 54. Ke2 Kf4 55. Kd2 Kxg4 0-1

[Event "Marseille op 4th"]
[Site "Marseille"]
[Date "2011.12.26"]
[Round "2"]
[White "Tourtet, Jeremy"]
[Black "Bertrand, Alexandre"]
[Result "0-1"]
[WhiteElo "1386"]
[BlackElo "1645"]
[PlyCount "93"]
[EventDate "2011.12.26"]
[EventType "swiss"]
[EventRounds "9"]
[EventCountry "FRA"]
[SourceTitle "CBM 146 Extra"]
[Source "ChessBase"]
[SourceDate "2012.02.29"]
[SourceVersion "1"]
[SourceVersionDate "2012.02.29"]
[SourceQuality "1"]

1. d4 d5 2. Nf3 Nf6 3. Bf4 c6 4. c3 e6 5. e3 Nbd7 6. Bd3 Qb6 7. Qb3 Qxb3 8. axb3 Be7 9. 0-0 0-0 10. Nbd2 c5 11. c4 cxd4 12. exd4 b6 13. cxd5 Nxd5 14. Bg3 f5 15. Bh4 Bd6 16. Nc4 Bc7 17. Rfe1 Nb8 18. Nce5 Nd7 19. Bb5 Nxe5 20. Nxe5 Nb4 21. Rec1 Bd6 22. Bc6 Nxc6 23. Rxc6 Bxe5 24. dxe5 h6 25. Be7 Re8 26. Rc7 a5 27. Re1 Ba6 28. Re3 Rec8 29. Rec3 b5 30. Bd6 Rxc7 31. Rxc7 Rc8 32. Rxc8+ Bxc8 33. Bc7 a4 34. bxa4 bxa4 35. f4 g5 36. fxg5 hxg5 37. Kf2 Kg7 38. Kf3 Kg6 39. g3 Kh5 40. h3 Bb7+ 41. Kf2 f4 42. gxf4 gxf4 43. Ba5 Kh4 44. Bd2 f3 45. Bf4 Kxh3 46. Bg3 Kg4 47. Bf4 0-1

[Event "Marseille op 2nd "]
[Site "Marseille"]
[Date "2009.12.29"]
[Round "7"]
[White "Bertrand, Alexandre"]
[Black "Rochette, Michel"]
[Result "1-0"]
[WhiteElo "1440"]
[BlackElo "1499"]
[PlyCount "65"]
[EventDate "2009.12.26"]
[EventType "swiss"]
[EventRounds "9"]
[EventCountry "FRA"]
[SourceTitle "CBM 134 Extra"]
[Source "ChessBase"]
[SourceDate "2010.03.03"]
[SourceVersion "1"]
[SourceVersionDate "2010.03.03"]
[SourceQuality "1"]

1. e4 e5 2. Nf3 Nc6 3. Bb5 Bc5 4. d3 h6 5. a3 Nd4 6. Be3 Nxf3+ 7. Qxf3 Bxe3 8. Qxe3 Nf6 9. Nd2 0-0 10. 0-0 d5 11. h3 d4 12. Qg3 c6 13. Bc4 Re8 14. Nf3 Nd7 15. Qh4 Nf6 16. Qg3 Qd6 17. Kh1 Nh5 18. Qh4 Qg6 19. g3 Be6 20. Nxe5 Qf6 21. Qxh5 Bxc4 22. Nxc4 b5 23. Nd2 Re5 24. Qf3 Qg6 25. b4 a5 26. Nb3 a4 27. Nxd4 Rd8 28. Nf5 f6 29. Qe2 Qh7 30. f4 Re6 31. Qg4 Rd7 32. Nxh6+ Qxh6 33. Qxe6+ 1-0

[Event "Marseille op 2nd "]
[Site "Marseille"]
[Date "2009.12.27"]
[Round "4"]
[White "Bertrand, Alexandre"]
[Black "Lucas, Jean Jacques"]
[Result "1-0"]
[WhiteElo "1440"]
[BlackElo "1500"]
[PlyCount "87"]
[EventDate "2009.12.26"]
[EventType "swiss"]
[EventRounds "9"]
[EventCountry "FRA"]
[SourceTitle "CBM 134 Extra"]
[Source "ChessBase"]
[SourceDate "2010.03.03"]
[SourceVersion "1"]
[SourceVersionDate "2010.03.03"]
[SourceQuality "1"]

1. e4 d6 2. d4 Nf6 3. Bd3 g6 4. Bf4 Bg7 5. Nf3 0-0 6. Qd2 Nc6 7. Bh6 e5 8. d5 Ne7 9. h4 Nh5 10. Rg1 f5 11. Bxg7 Kxg7 12. exf5 Bxf5 13. Bxf5 Nf4 14. Be4 h6 15. Nc3 Ng8 16. Ne2 Nf6 17. Nxf4 Nxe4 18. Ne6+ Kh7 19. Nxf8+ Qxf8 20. Qe3 Qf4 21. Qxf4 exf4 22. Rf1 Re8 23. 0-0-0 Kg7 24. Rde1 Kf6 25. Nd4 Re5 26. Rg1 Nxf2 27. Rxe5 Kxe5 28. Nb5 Kxd5 29. Nxc7+ Kc6 30. Rf1 Kxc7 31. Rxf2 g5 32. hxg5 hxg5 33. Kd2 d5 34. Kd3 Kd6 35. Re2 b5 36. b4 a6 37. a3 g4 38. Kd4 g3 39. Re5 f3 40. gxf3 g2 41. Rxd5+ Ke6 42. Rg5 Kf6 43. Rxg2 Kf5 44. Ke3 1-0

[Event "Marseille op 2nd "]
[Site "Marseille"]
[Date "2009.12.27"]
[Round "3"]
[White "Bertrand, Alexandre"]
[Black "Maruejols, Claude"]
[Result "0-1"]
[WhiteElo "1440"]
[BlackElo "2039"]
[PlyCount "52"]
[EventDate "2009.12.26"]
[EventType "swiss"]
[EventRounds "9"]
[EventCountry "FRA"]
[SourceTitle "CBM 134 Extra"]
[Source "ChessBase"]
[SourceDate "2010.03.03"]
[SourceVersion "1"]
[SourceVersionDate "2010.03.03"]
[SourceQuality "1"]

1. e4 c5 2. Nc3 d6 3. Bb5+ Nc6 4. d3 g6 5. f4 Bg7 6. Nf3 e6 7. Be3 Nge7 8. 0-0 0-0 9. Qe1 Nd4 10. Ba4 Nec6 11. Ne2 Nxf3+ 12. Rxf3 Bxb2 13. Rb1 Bg7 14. Bxc6 bxc6 15. Bd2 Ba6 16. Qg3 Qe7 17. Kf2 Rab8 18. Rxb8 Rxb8 19. c3 Rb2 20. Be1 Rxa2 21. Kf1 Bb5 22. Rf2 a5 23. Nc1 Ra1 24. Qe3 a4 25. c4 Bd4 26. Qd2 Bxf2 0-1

[Event "Marseille op 2nd "]
[Site "Marseille"]
[Date "2009.12.26"]
[Round "1"]
[White "Bertrand, Alexandre"]
[Black "Axisa, Gerard"]
[Result "0-1"]
[WhiteElo "1440"]
[BlackElo "1905"]
[PlyCount "98"]
[EventDate "2009.12.26"]
[EventType "swiss"]
[EventRounds "9"]
[EventCountry "FRA"]
[SourceTitle "CBM 134 Extra"]
[Source "ChessBase"]
[SourceDate "2010.03.03"]
[SourceVersion "1"]
[SourceVersionDate "2010.03.03"]
[SourceQuality "1"]

1. e4 e5 2. Nf3 Nc6 3. Bb5 a6 4. Bxc6 dxc6 5. d3 Bg4 6. h3 Bxf3 7. Qxf3 Bd6 8. Be3 Ne7 9. Nc3 0-0 10. 0-0 f5 11. Qh5 f4 12. Bd2 Rf6 13. Kh2 Qd7 14. Qf3 Raf8 15. Rg1 Rh6 16. Rh1 Ng6 17. Kg1 Nh4 18. Qg4 Qe7 19. Qd1 Rg6 20. Rh2 Bc5 21. Qf1 Nf3+ 22. Kh1 Nxh2 23. Kxh2 Qh4 24. f3 Qg3+ 25. Kh1 Qf2 26. Qxf2 Bxf2 27. Rf1 Bd4 28. Ra1 b5 29. Rb1 Rd6 30. Ne2 Bb6 31. Bb4 c5 32. Bc3 Re8 33. a3 a5 34. b4 cxb4 35. axb4 a4 36. Bb2 Kf7 37. Ba1 g5 38. Nc3 c6 39. Ne2 Ke6 40. g3 Be3 41. g4 Rh8 42. Kh2 h5 43. Kg2 hxg4 44. hxg4 Rh7 45. Rd1 Rd8 46. Rb1 Rdh8 47. Nc3 Rh2+ 48. Kf1 Rh1+ 49. Kg2 R8h2# 0-1